Ekonomické problémy tvorby kombinátov v priemysle /

Hlavní autor: Romančík, Ľudovít
Jazyk: Slovenština
Vydáno: Bratislava : Vydavateľstvo Slovenskej akadémie vied, 1969
Vydání: 1. vyd.
Edice: Problémy a úvahy. Rad ekonomický
Témata:
Fyzický popis: 137 s. : il.
Language note: Anglické resumé
Knihy
Uloženo v:
LEADER 01393nam a22003972a 4500
001 001313047
003 CZ BrMZK
005 20130729140255.0
007 ta
008 130725s1969 xo er|||||||||||slo d
040 |a ABA006  |b cze  |c ABA006  |d ABA006  |d BOA001 
041 0 |a slo  |b eng 
072 7 |a 334  |x Formy organizace a spolupráce v ekonomice  |2 Konspekt  |9 4 
080 |a 005.71-025.27  |2 MRF 
080 |a 005.56  |2 MRF 
080 |a 338.45  |2 MRF 
080 |a 334.716  |2 MRF 
100 1 |a Romančík, Ľudovít  |7 xx0013184  |4 aut 
245 1 0 |a Ekonomické problémy tvorby kombinátov v priemysle /  |c Ľudovít Romančík 
250 |a 1. vyd. 
260 |a Bratislava :  |b Vydavateľstvo Slovenskej akadémie vied,  |c 1969 
300 |a 137 s. :  |b il. 
490 1 |a Problémy a úvahy. Rad ekonomický ;  |v 2 
504 |a Obsahuje bibliografii 
546 |a Anglické resumé 
650 0 7 |a klastry (ekonomie)  |7 ph331142  |2 czenas 
650 0 7 |a kooperace podniků  |7 ph269100  |2 czenas 
650 0 7 |a průmyslová výroba  |7 ph115928  |2 czenas 
650 0 7 |a průmyslové podniky  |7 ph115931  |2 czenas 
655 7 |a monografie  |7 fd132842  |2 czenas 
651 7 |a Slovensko (Československo)  |7 ge136903  |2 czenas 
830 0 |a Problémy a úvahy.  |p Rad ekonomický 
910 |a BOA001  |b 2-0624.929 
990 |a BK 
991 |b 201307 
996 7 |b 2619682059  |c 2-0624.929  |l HP2  |r DEN  |n 0  |w 001348016  |u 000010  |a 1  |e BOA001  |j MZK50  |s A